Normal view
MARC view
Entry Personal Name
001 - CONTROL NUMBER
- control field: 4820
003 - CONTROL NUMBER IDENTIFIER
- control field: dpl
005 - DATE AND TIME OF LATEST TRANSACTION
- control field: 20100803113810.0
008 - FIXED-LENGTH DATA ELEMENTS
- fixed length control field: 100803|||a|||||| | ||| d
040 ## - CATALOGING SOURCE
- Original cataloging agency: dpl
- Transcribing agency: dpl
100 ## - HEADING--PERSONAL NAME
- Personal name: Sodhi, Ravi
670 ## - SOURCE DATA FOUND
- Source citation: Work cat.: (dpl)38771: Sodhi, Ravi, Legal balm ;, 2010
670 ## - SOURCE DATA FOUND
- Source citation: Work cat.: (dpl)38771: Sodhi, Ravi, Legal balm ;, 2010
